| 000 | 01835cam a22003374a 4500 | ||
|---|---|---|---|
| 090 | _c10365 | ||
| 001 | 13153926 | ||
| 005 | 20040622184438.0 | ||
| 008 | 030409s2003 cau b 001 0 eng | ||
| 010 | _a2003008144 | ||
| 020 | _a0787965189 (alk. paper) | ||
| 040 |
_aDLC _cDLC _dDLC |
||
| 042 | _apcc | ||
| 050 | 0 | 0 |
_aHD61 _b.F726 2003 |
| 082 | 0 | 0 |
_a658.155 _221 _bFRA |
| 100 | 1 | _aFrame, J. Davidson. | |
| 245 | 1 | 0 |
_aManaging Risk in Organizations : _bA Guide For Managers / _cJ. Davidson Frame. |
| 250 | _a1st ed. | ||
| 260 |
_aSan Francisco : _bJossey-Bass, _cc2003. |
||
| 300 |
_axix, 264 p. : _bill. ; _c24 cm. |
||
| 440 | 4 | _aThe Jossey-Bass business & management series | |
| 504 | _aIncludes bibliographical references and index. | ||
| 505 | 0 | _aThe big picture -- Practical limitations of risk management -- Organizing to deal with risk -- Identifying risk -- Assessing impacts of risk events-qualitative impact analysis -- Assessing impacts of risk events-quantitative analysis -- Assessing the impacts of risk events : the role of probability and statistics -- Planning to handle risk -- Monitoring and controlling risk -- Business risk -- Operational risks -- Project risk. | |
| 650 | 0 | _aRisk management. | |
| 856 | 4 | 2 |
_3Contributor biographical information _uhttp://www.loc.gov/catdir/bios/wiley045/2003008144.html |
| 856 | 4 | 1 |
_3Table of contents _uhttp://www.loc.gov/catdir/toc/ecip042/2003008144.html |
| 856 | 4 | 2 |
_3Publisher description _uhttp://www.loc.gov/catdir/description/wiley038/2003008144.html |
| 942 |
_2ddc _cBB |
||
| 999 |
_c10365 _d10365 |
||